[Event "Stockerau op"]
[Site "Stockerau"]
[Date "1993.??.??"]
[Round "9"]
[White "Cander, Mitja"]
[Black "Petrov, Jole"]
[Result "1/2-1/2"]
[WhiteElo "2205"]
[BlackElo "2360"]

1.c4 c6 2.d4 d5 3.cxd5 cxd5 4.Nf3 Nf6 5.Nc3 Nc6 6.Bf4 Bf5 7.e3 e6 8.Bb5 Nd7
9.Qa4 Rc8 10.O-O a6 11.Bxc6 Rxc6 12.Rfc1 Qb6 13.Nd1 Bd3 14.Rxc6 Qxc6 15.Qxc6 bxc6
16.Rc1 Bb5 17.Nc3 Bc4 18.Nd2 Bd3 19.Na4 Bb5 20.Nc3 Bd3 21.Nb3 Nb6 22.Na5 Kd7
23.Nd1 Bb5 24.Nc3 Bd3 25.Nd1 Bb5 26.Nc3  1/2-1/2

[Event "FRM-ch"]
[Site "Struga"]
[Date "1993.??.??"]
[Round "8"]
[White "Gicev, Blagoja"]
[Black "Stamnov, Aleksander"]
[Result "1-0"]
[WhiteElo "2320"]
[BlackElo "2270"]

1.c4 c6 2.e4 d5 3.exd5 cxd5 4.d4 Nf6 5.Nc3 Nc6 6.Nf3 Bg4 7.cxd5 Nxd5 8.Qb3 Bxf3
9.gxf3 e6 10.Qxb7 Nxd4 11.Bb5+ Nxb5 12.Qc6+ Ke7 13.Nxb5 a6 14.Nd4 Kf6 15.Qc4 Bb4+
16.Kf1 h6 17.Nc6 Qd6 18.Nxb4 Nxb4 19.a3 Nd5 20.b4 Qe5 21.Rb1 Qf5 22.Bb2+ Ke7
23.Qd4 Qh3+ 24.Ke2 f5 25.Qe5 Rhg8 26.Rhd1 Rad8 27.Rbc1 Rd7 28.Rc6 f4 29.Rxa6 Nc3+
30.Qxc3 Rxd1 31.Qc5+ Ke8 32.Qc6+ Kf7 33.Ra7+ Kg6 34.Qc2+ Kh5 35.Qxd1 Qxh2
36.Rxg7  1-0

[Event "FRM-ch"]
[Site "Struga"]
[Date "1993.??.??"]
[Round "9"]
[White "Jacimovic, Dragoljub"]
[Black "Georgievski, Vanco"]
[Result "1-0"]
[WhiteElo "2405"]
[BlackElo "2260"]

1.c4 c6 2.d4 d5 3.Nc3 Nf6 4.Nf3 e6 5.Bg5 Nbd7 6.cxd5 cxd5 7.e3 Be7 8.Bd3 O-O
9.O-O a6 10.a4 h6 11.Bf4 Nh5 12.Be5 Nhf6 13.Rc1 Nb8 14.Bb1 Nc6 15.Qd3 Nb4
16.Qe2 Bd7 17.Ne1 Rc8 18.Nd3 Qa5 19.Nc5 Bc6 20.f4 Ne4 21.N3xe4 dxe4 22.Qg4 g6
23.Nxe4 Nd5 24.Qh3 h5 25.g4 h4 26.g5 Bd7 27.Rxc8  1-0

[Event "EU-ch U18 Girls"]
[Site "Svitavy"]
[Date "1993.??.??"]
[Round "8"]
[White "Chervonenko, Irina"]
[Black "Danielian, Elina"]
[Result "1/2-1/2"]
[WhiteElo "2175"]
[BlackElo "2170"]

1.c4 c6 2.Nf3 d5 3.e3 Nf6 4.d4 Bf5 5.cxd5 cxd5 6.Nc3 e6 7.Ne5 Nc6 8.g4 Be4
9.f3 Bg6 10.h4 h5 11.Nxg6 fxg6 12.Qd3 hxg4 13.fxg4 Qc7 14.Qxg6+ Kd7 15.Kf2 Rh6
16.Qf7+ Be7 17.g5 Rh7 18.Qg6 Ng4+ 19.Kg2 Rah8 20.Nxd5 Qa5 21.Nf4 Rxh4 22.Rxh4 Rxh4
23.Qxe6+ Kc7 24.Nd5+ Kd8 25.b4 Bxb4 26.Nxb4 Qxb4 27.Qg8+ Kd7 28.Qxg7+ Ne7
29.Bd3 Qd6 30.Bf5+ Ke8 31.Bxg4 Rxg4+ 32.Kf3 Qg3+ 33.Ke2 Qg2+ 34.Kd3 Qf1+
35.Kc2 Rg2+ 36.Kb3 Qd3+ 37.Ka4 Qc4+ 38.Ka3 Qc3+ 39.Ka4 Qc4+ 40.Ka3 Qd3+ 41.Ka4 Qc4+
42.Ka3  1/2-1/2

[Event "Szekszard op"]
[Site "Szekszard"]
[Date "1993.??.??"]
[Round "1"]
[White "Tolnai, Tibor"]
[Black "Taskovits, Istvan"]
[Result "1-0"]
[WhiteElo "2500"]
[BlackElo "2230"]

1.c4 c6 2.d4 d5 3.Nc3 Nf6 4.Nf3 dxc4 5.a4 Bg4 6.e3 e6 7.Bxc4 Bb4 8.h3 Bh5
9.O-O O-O 10.Be2 a5 11.Qb3 Qe7 12.Bd2 Na6 13.Rfd1 Rfd8 14.Rac1 c5 15.Be1 h6
16.d5 Nc7 17.dxe6 Nxe6 18.Nd5 Nxd5 19.Rxd5 Bxf3 20.Bxf3 Bxe1 21.Rxe1 Rxd5
22.Bxd5 Rb8 23.Rd1 b6 24.Rd3 Nf8 25.Bc4 Ng6 26.f4 Nf8 27.Kh2 Rb7 28.Bd5 Rb8
29.Qb5 Qc7 30.Qc4 Re8 31.Qb5 Re7 32.Qc6 Rd7 33.Qxc7 Rxc7 34.Kg3 Nd7 35.Kf3 Kf8
36.g4 Ke7 37.h4 Nf6 38.Bc4 Rd7 39.g5 hxg5 40.fxg5 Ne8 41.Rxd7+ Kxd7 42.Bb5+ Ke7
43.Bxe8 Kxe8 44.h5 Ke7 45.Ke4 Ke6 46.h6 gxh6 47.gxh6 Kf6 48.Kd5 Kg6 49.Kc6 Kxh6
50.Kxb6  1-0

[Event "Tbilisi zt (Women)"]
[Site "Tbilisi"]
[Date "1993.??.??"]
[Round "6"]
[White "Gurieli, Nino"]
[Black "Hlgatian, Goar"]
[Result "1-0"]
[WhiteElo "2365"]
[BlackElo "2115"]

1.c4 c6 2.Nf3 d5 3.d4 Nf6 4.g3 Bf5 5.Nc3 e6 6.Bg2 h6 7.O-O Nbd7 8.cxd5 exd5
9.Ne5 Bd6 10.Bf4 Bxe5 11.dxe5 Ng4 12.e4 dxe4 13.Nxe4 Bxe4 14.Qxg4 Bg6 15.Rad1 Qe7
16.Rfe1 h5 17.Qh3 Nc5 18.e6 Nxe6 19.Bd6 Qf6 20.Be5 Qg5 21.f4 Qg4 22.Bxg7 Rg8
23.Qxg4 hxg4 24.Bf6 Kf8 25.Re5 Nc7 26.f5 Bh5 27.Rd7 Rc8 28.Ree7 Ne8 29.Be5 Ng7
30.Be4 Re8 31.Bd6 Rxe7 32.Bxe7+ Ke8 33.Rxb7  1-0

[Event "Tbilisi zt (Women)"]
[Site "Tbilisi"]
[Date "1993.??.??"]
[Round "8"]
[White "Khurtsilava, Inga"]
[Black "Hlgatian, Goar"]
[Result "1/2-1/2"]
[WhiteElo "2120"]
[BlackElo "2115"]

1.c4 c6 2.Nc3 d5 3.e3 Nf6 4.Nf3 e6 5.b3 Be7 6.Bb2 O-O 7.d4 Nbd7 8.Bd3 b6
9.O-O Bb7 10.Rc1 dxc4 11.bxc4 c5 12.d5 exd5 13.cxd5 Nxd5 14.Nxd5 Bxd5 15.Bxh7+ Kxh7
16.Qxd5 Bf6 17.Rc4 Ne5 18.Qe4+ Ng6 19.Bxf6 Qxf6 20.h4 Rfe8 21.Qc2 Kg8 22.Ng5 Rad8
23.Rg4 Rd5 24.Rg3 Rf5 25.Ne4 Qxh4 26.Nd6 Rfe5 27.Nxe8 Rxe8 28.Qf5 Qc4 29.Qd7 Qe6
30.Qxa7 Qc6 31.Rd1 Ra8 32.Qd7 Qxd7 33.Rxd7 Rxa2 34.Rd8+ Nf8 35.Rb8 Rb2 36.Rg5 c4
37.Rc8 b5 38.Rd5 Kh7 39.Rxf8 c3 40.Rc5 b4 41.Rfc8 Rc2 42.Rb8 Rb2 43.Kh2 c2
44.Kg3 b3 45.Rc3 Rb1 46.Rbc8 Ra1 47.Rxb3 c1=Q 48.Rxc1 Rxc1 49.Rb7 Kg6 50.Rb6+ f6
51.f4 Rc3 52.Kf3 Ra3 53.Rb7 f5 54.Rd7 Kf6 55.Rd6+ Kf7 56.Ke2 Ra2+ 57.Rd2 Ra3  1/2-1/2

[Event "Ter Apel"]
[Site "Ter Apel"]
[Date "1993.??.??"]
[Round "1"]
[White "Hansen, Curt"]
[Black "Khalifman, Alexander"]
[Result "1/2-1/2"]
[WhiteElo "2610"]
[BlackElo "2630"]

1.c4 c6 2.Nc3 d5 3.d4 Nf6 4.Nf3 dxc4 5.a4 Bf5 6.e3 e6 7.Bxc4 Bb4 8.O-O Nbd7
9.Nh4 O-O 10.h3 Rc8 11.Qb3 Qb6 12.Nxf5 exf5 13.Rd1 Bd6 14.Qxb6 Nxb6 15.Bb3 Nbd5
16.Bd2 h5 17.Rac1 Rfe8 18.Nxd5 Nxd5 19.Kf1 Kf8 20.Rc2 Rcd8 21.Bxd5 cxd5 22.Rdc1 Ke7
23.Rc3 Ke6 24.Ke2 Rd7 25.Kd3 Ree7 26.Rc8 Rc7 27.R1xc7 Rxc7 28.Re8+ Kd7 29.Ra8 a6
30.Rh8 g6 31.f3 Rc8 32.Rxc8 Kxc8  1/2-1/2

[Event "Ticino op"]
[Site "Ticino"]
[Date "1993.??.??"]
[Round "7"]
[White "Foisor, Ovidiu"]
[Black "Ferretti, Folco"]
[Result "1-0"]
[WhiteElo "2425"]
[BlackElo "2295"]

1.c4 c6 2.Nf3 d5 3.e3 Nf6 4.Nc3 a6 5.b3 Bg4 6.h3 Bxf3 7.Qxf3 e6 8.Bb2 Nbd7
9.Qd1 Bd6 10.Be2 Qe7 11.Qc2 b5 12.O-O O-O 13.Rfc1 Rfc8 14.Bf1 Nf8 15.Ne2 Bc7
16.a4 b4 17.Nd4 Ng6 18.Qd1 Qd6 19.Nf3 e5 20.cxd5 cxd5 21.d4 e4 22.Ne5 Ne7
23.Rc2 Ne8 24.f4 exf3 25.gxf3 Nf5 26.Qe1 Qh6 27.Ng4 Qg6 28.Rac1 h5 29.Rc6 Bh2+
30.Kxh2 Rxc6 31.Ne5 Rxc1 32.Bxc1 Qd6 33.Bd3 Ne7 34.f4 Nf6 35.Bd2 a5 36.Qh4 Qe6
37.Qg5 g6 38.Kg2 Nh7 39.Qg3 Nf5 40.Qf2 Nf6 41.Kh2 Nd6 42.Be1 Nfe4 43.Qe2 Rc8
44.Bc2 Rc7 45.Nd3 Qc8 46.Bb1 Nc3 47.Bxc3 Rxc3 48.Nc5 Nf5 49.Bd3 Qe8 50.Qg2 Qxe3  1-0

[Event "Timisoara zt-B (Women)"]
[Site "Timisoara"]
[Date "1993.??.??"]
[Round "2"]
[White "Bobrowska, Monika"]
[Black "Velcheva, Maria"]
[Result "1/2-1/2"]
[WhiteElo "2210"]
[BlackElo "2150"]

1.c4 c6 2.d4 d5 3.cxd5 cxd5 4.Nf3 Nf6 5.Nc3 Nc6 6.Bf4 Bf5 7.e3 e6 8.Qb3 Bb4
9.Bb5 O-O 10.O-O Bxc3 11.bxc3 Na5 12.Qb4 a6 13.Be2 Ne4 14.Rac1 Rc8  1/2-1/2

[Event "Timisoara zt-A (Women)"]
[Site "Timisoara"]
[Date "1993.??.??"]
[Round "6"]
[White "Chilingirova, Pavlina"]
[Black "Horvath, Julia"]
[Result "1-0"]
[WhiteElo "2250"]
[BlackElo "2265"]

1.c4 c6 2.d4 d5 3.Bf4 Nf6 4.e3 Bf5 5.Qb3 Qb6 6.Nc3 e6 7.c5 Qxb3 8.axb3 Nbd7
9.b4 Nh5 10.Bg3 Nxg3 11.hxg3 a6 12.b5 cxb5 13.Bxb5 Rc8 14.Be2 Be7 15.g4 Bg6
16.Nh3 h6 17.Nf4 Bh7 18.Bd3 Bxd3 19.Nxd3 O-O 20.b4 Bf6 21.Kd2 Rfd8 22.f4 Be7
23.Rhb1 Nf6 24.Ne5 Ne4+ 25.Nxe4 dxe4 26.Ke2 f6 27.Nc4 g5 28.f5 e5 29.d5 Bf8
30.d6 Rb8 31.Nd2 Kf7 32.Nxe4 Ra8 33.Ra5 Rd7 34.b5  1-0

[Event "SVK-ch"]
[Site "Topolcianky"]
[Date "1993.??.??"]
[Round "3"]
[White "Ruckschloss, Karol"]
[Black "Sarkozy, Ladislav"]
[Result "1-0"]
[WhiteElo "2285"]
[BlackElo "2320"]

1.c4 c6 2.d4 d5 3.e3 Nf6 4.Nc3 g6 5.Nf3 Bg7 6.Qb3 O-O 7.Bd2 b6 8.cxd5 cxd5
9.Rc1 Bb7 10.Ne5 Nfd7 11.f4 f6 12.Nf3 e6 13.Nb5 Nc6 14.Nd6 Qb8 15.Qa3 a6
16.Nxb7 Qxb7 17.Qd6 Ndb8 18.Qxe6+ Qf7 19.Qxf7+ Rxf7 20.Bd3 Raa7 21.h4 Rac7
22.h5 f5 23.hxg6 hxg6 24.Ne5 Bxe5 25.fxe5 Nb4 26.Bb1 Rxc1+ 27.Bxc1 Rc7 28.Bd2 N4c6
29.g4 fxg4 30.Bxg6 Rg7 31.Bf5  1-0

[Event "Toronto Class op"]
[Site "Toronto"]
[Date "1993.??.??"]
[Round "4"]
[White "Spraggett, Grant"]
[Black "Filipovich, David"]
[Result "1-0"]
[WhiteElo "2280"]
[BlackElo "2215"]

1.c4 c6 2.Nf3 d5 3.b3 Nf6 4.Bb2 Bf5 5.d3 h6 6.g3 e6 7.Bg2 a5 8.O-O Nbd7 9.Nbd2 Bh7
10.a3 Be7 11.Qc2 O-O 12.Bc3 b5 13.cxb5 cxb5 14.b4 axb4 15.Bxb4 Bxb4 16.axb4 Qb6
17.Qb2 Rfc8 18.Rfb1 Qb7 19.Ra5 Rxa5 20.bxa5 Rb8 21.Qb4 Qa7 22.Nd4 Ng4 23.h3 Nge5
24.N2b3 Qa6 25.Bf1 Nc4 26.Rc1 e5 27.Qe7 Qd6 28.Qxd6 Nxd6 29.Rc7 Nf8 30.Nc6 Rc8  1-0

[Event "EU-ch U18"]
[Site "Vejen"]
[Date "1993.??.??"]
[Round "10"]
[White "Bauer, Christian"]
[Black "Petrov, Jole"]
[Result "1-0"]
[WhiteElo "2485"]
[BlackElo "2360"]

1.c4 c6 2.e4 d5 3.exd5 cxd5 4.d4 Nf6 5.Nc3 e6 6.Nf3 Bb4 7.cxd5 Nxd5 8.Qc2 Nd7
9.Bd3 N7f6 10.O-O O-O 11.Nxd5 exd5 12.Bg5 h6 13.Bh4 Be7 14.Rfe1 Be6 15.Bf5 Bb4
16.Rxe6 fxe6 17.Bxe6+ Kh8 18.Ne5 g5 19.Qg6 Nh7 20.Qxh6 Rf6 21.Bxg5 Rxh6 22.Nf7+ Kg7
23.Bxh6+  1-0

[Event "Vilnius zt"]
[Site "Vilnius"]
[Date "1993.??.??"]
[Round "?"]
[White "Butnorius, Algimantas"]
[Black "Fridman, Daniel"]
[Result "0-1"]
[WhiteElo "2415"]
[BlackElo "2380"]

1.c4 c6 2.e4 d5 3.exd5 cxd5 4.d4 Nf6 5.Nc3 Nc6 6.Bg5 Qa5 7.Bxf6 exf6 8.cxd5 Bb4
9.Ne2 Qxd5 10.Qd2 Be6 11.a3 Bxc3 12.bxc3 Na5 13.Nf4 Qe4+ 14.Qe3 Qxe3+ 15.fxe3 Rc8
16.Nxe6 fxe6 17.Rc1 Ke7 18.Rc2 Rc7 19.Be2 Nb3 20.Kf2 Rhc8 21.c4 b6 22.Rb1 Na5
23.c5 bxc5 24.Rb5 Nb7 25.Bf3 Nd6 26.Rbxc5 Rxc5 27.dxc5 Nf7 28.Bb7 Rc7 29.Ba6 Ne5
30.Bb5 Nd7 31.c6 Ne5 32.Ba4 Kd6 33.Rd2+ Kc5 34.Rc2+ Kb6 35.Bb3 Nd3+ 36.Ke2 Nc5
37.Ba2 Rxc6 38.Rb2+ Kc7 39.Bb1 Na4 40.Rb3 Nc3+ 41.Kd3 Nxb1 42.Rxb1 Rb6 43.Rc1+ Kd6
44.Rd1 Ke5 45.Ke2 Ra6 46.Rd7 g5 47.Rxh7 Rxa3 48.Rb7 Ra4 49.Kf3 g4+ 50.Kg3 f5
51.h4 gxh3 52.gxh3 Ke4 53.Rb3 a5 54.h4 Rb4 55.Ra3 a4 56.h5 f4+ 57.Kg4 fxe3
58.h6 e2 59.Ra1 Ke3+ 60.Kg3 Rb8 61.h7 Rh8 62.Ra3+ Kd2 63.Ra2+ Kc3 64.Kf2 Kb3
65.Rxe2 Rxh7 66.Re3+ Kc2 67.Rxe6 Ra7 68.Rc6+ Kd3 69.Rd6+ Kc4 70.Rc6+ Kb5
71.Rh6 a3  0-1

[Event "Wattens op"]
[Site "Wattens"]
[Date "1993.??.??"]
[Round "?"]
[White "Muehlbacher, Bernhard"]
[Black "Buchegger, Heinz"]
[Result "1-0"]
[WhiteElo "2005"]
[BlackElo "1790"]

1.c4 c6 2.Nf3 Nf6 3.Nc3 d5 4.e3 e6 5.b3 Be7 6.Bb2 O-O 7.Qc2 Nbd7 8.d4 Re8
9.Ne5 Nf8 10.Bd3 N6d7 11.f4 Nxe5 12.fxe5 Bh4+ 13.g3 Bg5 14.Qf2 Ng6 15.O-O Rf8
16.h4 Nxh4 17.gxh4 Bxh4 18.Qg2 f5 19.exf6 Rxf6 20.Rxf6 Qxf6 21.Rf1 Qh6 22.Qf3 Bf6
23.Rf2 Bd7 24.Rh2 Qg5+ 25.Rg2 Qh6 26.Rh2 Qg5+ 27.Kh1 g6 28.Ne2 Rf8 29.Qf4 Kg7
30.Bc1 Rf7 31.e4 Qxf4 32.Bxf4 g5 33.e5 gxf4 34.Rxh7+ Kf8 35.Rxf7+ Kxf7 36.exf6 Kxf6
37.Nxf4 e5 38.dxe5+ Kxe5 39.Ne2 a5 40.Kg2 Kd6 41.Kf2 dxc4 42.Bxc4 Kc5 43.Bf7 Kb4
44.Ke3 c5 45.Kd2 a4 46.Nf4 axb3 47.axb3 b6 48.Nd3+ Ka5 49.Kc3 Bg4 50.Ne5 Bh3
51.Nc6+ Ka6 52.Kc4 Bf1+ 53.Kd5 Bg2+ 54.Kd6 Kb7 55.Bd5 Bh3 56.Ne5+ Kb8 57.Nc6+ Kb7
58.Ne5+ Kb8 59.Nd7+ Ka7 60.Kc6 Bxd7+ 61.Kxd7 b5 62.Kc6 c4 63.Bxc4 bxc4 64.bxc4 Kb8
65.Kd7  1-0

[Event "Sonnevanck"]
[Site "Wijk aan Zee"]
[Date "1993.??.??"]
[Round "3"]
[White "Blees, Albert"]
[Black "Kuijf, Marinus"]
[Result "1/2-1/2"]
[WhiteElo "2415"]
[BlackElo "2445"]

1.c4 c6 2.d4 d5 3.Nc3 Nf6 4.Nf3 a6 5.Qb3 dxc4 6.Qxc4 Bf5 7.Bg5 Nbd7 8.Nh4 Nb6
9.Qb3 Be6 10.Qd1 h6 11.Bxf6 exf6 12.e3 Nd5 13.Bd3 Qa5 14.Qd2 Bb4 15.Rc1 O-O
16.O-O Ne7 17.a3 Bd6 18.Ne4 Qxd2 19.Nxd2 f5 20.g3 Rfd8 21.Nhf3 g6 22.Rc2 Nd5
23.Rfc1 Kg7 24.Bf1  1/2-1/2

[Event "Wijk op"]
[Site "Wijk aan Zee"]
[Date "1993.??.??"]
[Round "4"]
[White "Winants, Luc"]
[Black "Van der Werf, Mark"]
[Result "0-1"]
[WhiteElo "2520"]
[BlackElo "2395"]

1.c4 c6 2.Nf3 d5 3.b3 Bg4 4.Bb2 Nd7 5.g3 Ngf6 6.Bg2 e6 7.O-O a5 8.d3 Bd6
9.Na3 O-O 10.Nc2 Qb8 11.Rb1 Re8 12.a3 b5 13.Nfd4 Ra6 14.cxb5 cxb5 15.a4 b4
16.Nb5 e5 17.d4 e4 18.Ne3 h5 19.Rc1 h4 20.Qd2 Be6 21.Nxd6 Qxd6 22.Qc2 hxg3
23.hxg3 Ng4 24.Nxg4 Bxg4 25.f3 Bf5 26.Qc7 exf3 27.exf3 Qe7 28.Qf4 Rf6 29.Qd2 Re6
30.Rf2 Re3 31.g4 Bd3 32.Bf1 Bxf1 33.Rcxf1 Rxb3 34.Qc2 Re3 35.Qc7 Qd8 36.Qc6 Nb6
37.Bc1 Re2 38.Bf4 Rxf2 39.Rxf2 Re1+ 40.Kg2 Nc4 41.Qb7 Re7 42.Qa6 Qe8 43.Be5 b3
44.Kg3 b2 45.Rf1 Re6 46.Qb7 Rb6 47.Qxd5 Ne3  0-1

[Event "Sonnevanck"]
[Site "Wijk aan Zee"]
[Date "1993.??.??"]
[Round "5"]
[White "Rogers, Ian"]
[Black "Kuijf, Marinus"]
[Result "1-0"]
[WhiteElo "2595"]
[BlackElo "2445"]

1.c4 c6 2.e4 d5 3.exd5 cxd5 4.d4 Nf6 5.Nc3 Nc6 6.Bg5 e6 7.Nf3 Be7 8.c5 Ne4
9.Bxe7 Qxe7 10.Qd3 f5 11.Qe3 O-O 12.Bb5 Nb4 13.Rc1 Bd7 14.Bxd7 Qxd7 15.Ne5 Qe7
16.O-O Nc6 17.Nxc6 bxc6 18.f3 f4 19.Qe2 Ng5 20.Rfe1 Qf6 21.Qe5 Qg6 22.Kh1 Rf6
23.Nd1 Rc8 24.Nf2 Nf7 25.Qe2 Nh6 26.Rcd1 Qg5 27.Nh3 Qh4 28.Qa6 Rc7 29.Qa5 Rd7
30.Qb4 g5 31.Qb8+ Kg7 32.Qe8 Rdf7 33.Rxe6 g4 34.Rxf6 Qxf6 35.Nf2 g3 36.Nh3 Re7
37.Qb8 Re2 38.hxg3 Nf5 39.Qxf4 Rxb2 40.a3 h6 41.g4 Nh4 42.Qc7+ Qf7 43.Qxf7+ Kxf7
44.Nf4 Kf6 45.Rd3 Kg5 46.g3 Ng6 47.Ne6+ Kf6 48.Nd8 Ne7 49.Re3  1-0

[Event "Wijk op"]
[Site "Wijk aan Zee"]
[Date "1993.??.??"]
[Round "9"]
[White "Schwartzman, Gabriel"]
[Black "Van der Sterren, Paul"]
[Result "1/2-1/2"]
[WhiteElo "2455"]
[BlackElo "2490"]

1.c4 c6 2.d4 d5 3.Nf3 Nf6 4.Nc3 dxc4 5.a4 Bf5 6.e3 e6 7.Bxc4 Bb4 8.O-O Nbd7
9.Qb3 a5 10.Na2 Be7 11.Qxb7 Rb8 12.Qa6 Ra8 13.Qb7 Rb8  1/2-1/2

[Event "Wijk op"]
[Site "Wijk aan Zee"]
[Date "1993.??.??"]
[Round "12"]
[White "Rotstein, Arkadij"]
[Black "Van der Werf, Mark"]
[Result "1-0"]
[WhiteElo "2465"]
[BlackElo "2395"]

1.c4 c6 2.Nf3 d5 3.d4 Nf6 4.e3 Bf5 5.cxd5 cxd5 6.Qb3 Qc7 7.Bd2 Nc6 8.Bb5 e6
9.O-O Bd6 10.Bb4 O-O 11.Bxc6 Bxb4 12.Qxb4 Qxc6 13.Ne5 Qc7 14.Nd2 a5 15.Qb5 Rfc8
16.Nb3 a4 17.Rac1 Qd8 18.Nc5 Qe8 19.Qb6 Ne4 20.Nxb7 f6 21.Nc6 Qd7 22.Na7 Rc4
23.Rxc4 dxc4 24.Nc6 Rc8 25.Nba5 a3 26.bxa3 Nc3 27.Qc5 Kf7 28.Qxc4 Ne4 29.Qa6 Ng5
30.f3 h5 31.h4 Nh7 32.e4 Bg6 33.Rb1 Nf8 34.Rb7 Rc7 35.Rb8 Kg8 36.Qa8 Qf7
37.Nc4 Rd7 38.e5 fxe5 39.N4xe5 Qf4 40.Rxf8+  1-0

[Event "Oberliga Wuert9293"]
[Site "Wuerttemberg"]
[Date "1993.??.??"]
[Round "?"]
[White "Jurek, Josef"]
[Black "Meduna, Eduard"]
[Result "1/2-1/2"]
[WhiteElo "2280"]
[BlackElo "2460"]

1.c4 c6 2.Nc3 d5 3.cxd5 cxd5 4.d4 Nf6 5.Nf3 Nc6 6.Bf4 Bf5 7.e3 e6 8.Bb5 Nd7
9.Qa4 Rc8 10.O-O a6 11.Bxc6 Rxc6 12.Rfc1 Rc4 13.Qb3 Rb4 14.Qd1 Rxb2 15.Na4 Rb5
16.Bc7 Qa8 17.a3 Be7 18.Nc3 Rb2 19.Na4 Rb5 20.Nc3 Rb2 21.Na4  1/2-1/2

[Event "Zalakaros op"]
[Site "Zalakaros"]
[Date "1993.??.??"]
[Round "9"]
[White "Horvath, Gyula"]
[Black "Milov, Leonid"]
[Result "1/2-1/2"]
[WhiteElo "2445"]
[BlackElo "2480"]

1.c4 c6 2.d4 d5 3.Nc3 e5 4.e3 e4 5.Bd2 Nf6 6.Qb3 Be7 7.Nh3 b6 8.cxd5 cxd5
9.Nf4 Bb7 10.Be2 O-O 11.f3 Bd6 12.Nh3 exf3 13.gxf3 Nc6 14.Nb5 Bb8 15.Nf2 Re8
16.Qd3 Qe7 17.a3 a6 18.Nc3 Na5 19.Ncd1 Nc4 20.Bc1 Bd6 21.Qf5 g6 22.Qg5 Qe6
23.O-O Rac8 24.b4 Be7 25.Qg2 Nh5 26.Nd3 Bd6 27.f4 Ng7 28.Ne5 Rc7 29.Bd3 Nf5
30.Qh3 Bc8 31.Qg2 Bf8 32.Bxc4 dxc4 33.d5 Qd6 34.e4 Nh4 35.Qg3 f6  1/2-1/2

[Event "Zaragoza op"]
[Site "Zaragoza"]
[Date "1993.??.??"]
[Round "?"]
[White "Foisor, Ovidiu"]
[Black "Anglada, Jose Andres"]
[Result "1-0"]
[WhiteElo "2425"]
[BlackElo "2190"]

1.c4 c6 2.Nf3 d5 3.e3 Nf6 4.Nc3 dxc4 5.Bxc4 b5 6.Bb3 b4 7.Ne2 e6 8.O-O Nbd7
9.d4 Be7 10.Nf4 Nd5 11.e4 Nxf4 12.Bxf4 Nf6 13.Ba4 Bb7 14.Ne5 Rc8 15.Rc1 Qb6
16.d5 O-O 17.dxc6 Ba6 18.Re1 Rfd8 19.Nd7 Nxd7 20.cxd7 Rxc1 21.Qxc1 e5 22.Bxe5 Qa5
23.Bc7 Qxa4 24.Bxd8 Bxd8 25.Qc8 Qa5 26.Rc1 b3 27.axb3 Kf8 28.b4  1-0

[Event "Zaragoza op"]
[Site "Zaragoza"]
[Date "1993.??.??"]
[Round "?"]
[White "Franco Ocampo, Zenon"]
[Black "Voiska, Margarita"]
[Result "0-1"]
[WhiteElo "2480"]
[BlackElo "2345"]

1.c4 c6 2.e4 d5 3.exd5 cxd5 4.d4 Nf6 5.Nc3 Nc6 6.Nf3 e6 7.c5 Be7 8.Bb5 Bd7
9.Bxc6 Bxc6 10.Ne5 Nd7 11.Nxc6 bxc6 12.O-O O-O 13.f4 Re8 14.b4 a6 15.a4 f6
16.Qg4 Kh8 17.Be3 f5 18.Qe2 Nf6 19.b5 axb5 20.axb5 cxb5 21.Nxb5 Qd7 22.Rfc1 Rxa1
23.Rxa1 Rb8 24.Nc3 h6 25.h3 Rb4 26.Qa6 Rc4 27.Nb5 Ne4 28.Qb6 Bh4 29.g3 Qf7
30.Ra8+ Kh7 31.Qb8 Bxg3 32.Qh8+ Kg6 33.Ra7 Qf6 34.c6 Rc2 35.c7 Re2 36.Kf1 Rxe3
37.Ra3 Qh4  0-1

[Event "Zweisimmen"]
[Site "Zweisimmen"]
[Date "1993.??.??"]
[Round "4"]
[White "Erdelyi, Tamas"]
[Black "Beimfohr, Uwe"]
[Result "1-0"]
[WhiteElo "2400"]
[BlackElo "2070"]

1.c4 c6 2.Nf3 d5 3.b3 Nf6 4.g3 Bg4 5.Bg2 Nbd7 6.Bb2 e6 7.O-O Bd6 8.d3 O-O
9.Nbd2 e5 10.Qc2 Re8 11.e4 dxe4 12.dxe4 Qe7 13.a3 a5 14.Nh4 Rad8 15.h3 Be6
16.Rfe1 Bc5 17.Ndf3 Nh5 18.Kh2 f6 19.Qe2 g6 20.Nd2 Nb6 21.Nhf3 Rd7 22.Rec1 Na8
23.Nb1 Nc7 24.Bc3 b6 25.Qb2 Na6 26.Bf1 Red8 27.Kg2 Bf7 28.Nbd2 Bd4 29.Bxd4 exd4
30.Bd3 Nc5 31.Ne1 Nxd3 32.Nxd3 c5 33.b4 axb4 34.axb4 Ng7 35.Ra6 Rb7 36.Rb1 Rdb8
37.Qa3 Ne6 38.Ra8 cxb4 39.Rxb8+ Rxb8 40.Qxb4 Qd7 41.h4 Kg7 42.c5 b5 43.Ra1 Qb7
44.f3 Be8 45.Nb3 Rd8 46.Na5 Qa7 47.Ra3 Qc7 48.Nb3 Bc6 49.Ra6 Qb7 50.Qa5 Rd7
51.Rb6 Qc8 52.Nb4 Nd8 53.Nxc6 Nxc6 54.Qxb5 Rc7 55.Qc4 Qd7 56.Qd5 Qe8 57.Qd6 Qf7
58.Nxd4 Nxd4 59.Qxd4 Rd7 60.Rd6 Qa2+ 61.Kh3 Rxd6 62.cxd6 Qe6+ 63.g4 Qd7 64.Kg3 Kf7
65.Qc4+ Kf8 66.Qc7 Ke8 67.g5 fxg5 68.hxg5 Qe6 69.Qc6+ Kd8 70.Qc5 Kd7 71.Qc7+ Ke8
72.Qe7+ Qxe7 73.dxe7 Kxe7  1-0

[Event "Zweisimmen"]
[Site "Zweisimmen"]
[Date "1993.??.??"]
[Round "6"]
[White "Foisor, Ovidiu"]
[Black "Shvidler, Eliahu"]
[Result "1/2-1/2"]
[WhiteElo "2425"]
[BlackElo "2420"]

1.c4 c6 2.Nc3 d5 3.cxd5 cxd5 4.d4 Nf6 5.Bf4 Nc6 6.Nf3 e6 7.e3 Bd6 8.Bg3 O-O
9.Bd3 a6 10.O-O Bxg3 11.hxg3 Qd6 12.Ne2 e5  1/2-1/2

[Event "Zweisimmen"]
[Site "Zweisimmen"]
[Date "1993.??.??"]
[Round "8"]
[White "Partos, Charles"]
[Black "Beimfohr, Uwe"]
[Result "1-0"]
[WhiteElo "2385"]
[BlackElo "2070"]

1.c4 c6 2.e4 d5 3.exd5 cxd5 4.cxd5 Nf6 5.Bb5+ Bd7 6.Bc4 g6 7.Nc3 Bg7 8.h3 O-O
9.Nge2 Bc8 10.d4 Nbd7 11.Bg5 Nb6 12.Bxf6 Bxf6 13.Bb3 Bd7 14.O-O Rc8 15.Ne4 Bg7
16.N2c3 Be8 17.Qd3 Rc7 18.Rad1 Nc8 19.f4 Nd6 20.Ng5 Nf5 21.Nf3 f6 22.d6+  1-0

[Event "Akureyri"]
[Site "Akureyri"]
[Date "1994.??.??"]
[Round "?"]
[White "Hjartarson, Johann"]
[Black "Jonsson, Bjorgvin"]
[Result "1-0"]
[WhiteElo "2595"]
[BlackElo "2380"]

1.c4 c6 2.e4 d5 3.exd5 cxd5 4.cxd5 Nf6 5.Nc3 Nxd5 6.Nf3 Nc6 7.d4 e6 8.Bc4 Be7
9.O-O O-O 10.Re1 Nxc3 11.bxc3 b6 12.Bd3 Bb7 13.Bb2 Rc8 14.Qe2 Bf6 15.Rad1 Qc7
16.h4 Rfd8 17.Ng5 g6 18.Bc1 e5 19.h5 exd4 20.hxg6 hxg6 21.Qg4 Rd5 22.Bxg6 Bxg5
23.Be4 Qd7 24.Qxd7 Rxd7 25.Bxg5 Nd8 26.Bf5 Ne6 27.Rxe6 Rd5 28.Rf6 Rcc5 29.cxd4 Rxf5
30.dxc5 Rxg5 31.c6  1-0

[Event "Altensteig"]
[Site "Altensteig"]
[Date "1994.??.??"]
[Round "2"]
[White "Bezold, Michael"]
[Black "Stangl, Markus"]
[Result "1/2-1/2"]
[WhiteElo "2475"]
[BlackElo "2535"]

1.c4 c6 2.e4 d5 3.exd5 cxd5 4.d4 Nf6 5.Nc3 Nc6 6.Nf3 Bg4 7.cxd5 Nxd5 8.Qb3 Bxf3
9.gxf3 e6 10.Qxb7 Nxd4 11.Bb5+ Nxb5 12.Qc6+ Ke7 13.Qxb5 Qd7 14.Nxd5+ Qxd5
15.Bg5+ f6 16.Qxd5 exd5 17.Be3 Ke6 18.O-O-O Bb4 19.Rd3 Rhd8 20.Kb1 Rd7 21.Rc1  1/2-1/2

[Event "Andorra op"]
[Site "Andorra"]
[Date "1994.??.??"]
[Round "6"]
[White "Kirov, Nino"]
[Black "Pomes Marcet, Juan"]
[Result "1-0"]
[WhiteElo "2465"]
[BlackElo "2390"]

1.c4 c6 2.g3 d5 3.Bg2 dxc4 4.Na3 g6 5.Nxc4 Bg7 6.Nf3 Nf6 7.O-O O-O 8.d3 Nbd7
9.Bd2 Nd5 10.Qc2 Qe8 11.Rab1 N7b6 12.Na5 Rb8 13.h3 f5 14.e4 fxe4 15.dxe4 Nc7
16.Kh2 h6 17.Bc3 Bxc3 18.Qxc3 Nb5 19.Qe3 Kh7 20.Ne5 Nd7 21.Nac4 Nxe5 22.Nxe5 b6
23.f4 Nd6 24.b4 Nf7 25.Nxf7 Qxf7 26.e5 Ba6 27.Rf2 g5 28.f5 Kh8 29.Rd1 Rbd8
30.Rfd2 Rxd2 31.Rxd2 Qe8 32.Qa3  1-0

[Event "AUT-chT2W 9495"]
[Site "Austria"]
[Date "1994.??.??"]
[Round "?.1"]
[White "Barthelmann, Benno"]
[Black "Adensamer, Gerhard"]
[Result "1-0"]
[WhiteElo "1955"]
[BlackElo "1910"]

1.c4 c6 2.b3 Nf6 3.Bb2 d5 4.Nf3 Bf5 5.g3 h6 6.Bg2 Qd7 7.O-O Bh3 8.Ne5 Qe6
9.d4 Bxg2 10.Kxg2 h5 11.h3 Nbd7 12.Nxd7 Qxd7 13.e3 Rh6 14.Nd2 g5 15.Qe2 g4
16.h4 Bg7 17.e4 dxe4 18.Nxe4 Nxe4 19.Qxe4 f5 20.Qf4 Rg6 21.Rfe1 O-O-O 22.Rad1 e6
23.d5 Bh6 24.Qd4 cxd5 25.Qxa7 Qc6 26.Be5 Bd2 27.Re2 Ba5 28.Kh2 Bc7 29.Bxc7 Kxc7
30.Red2 f4 31.gxf4 Qd6 32.cxd5 Qxf4+ 33.Kg1 g3 34.Rc2+ Kd6 35.dxe6+ Ke5 36.Qa5+ Kxe6
37.Qb6+ Kf5 38.Rc5+ Kg4 39.Qxg6+ Kh3 40.Qxg3+ Qxg3+ 41.fxg3 Rxd1+  1-0

[Event "AUT-ch"]
[Site "Austria"]
[Date "1994.??.??"]
[Round "7"]
[White "Wiedner, Robert"]
[Black "Wadsack, Wolfgang"]
[Result "1/2-1/2"]
[WhiteElo "2215"]
[BlackElo "2265"]

1.c4 c6 2.b3 d5 3.Bb2 Nf6 4.e3 Bg4 5.Be2 Bxe2 6.Qxe2 Na6 7.Nf3 e6 8.O-O dxc4
9.bxc4 Nc5 10.d4 Na4 11.Bc1 Nb6 12.e4 Be7 13.Nc3 O-O 14.Bg5 Ne8 15.Bf4 g5
16.Be3 f5 17.c5 Nd7 18.Qc4 Ng7 19.exf5 Rxf5 20.Ne4 g4 21.Nfd2 Qc7 22.Ng3 Rd5
23.Rae1 b5 24.Qe2 h5 25.Bh6 Nf8 26.Bxg7 Kxg7 27.h3 Qf4 28.hxg4 hxg4 29.Nde4 Ng6
30.f3 Bf6 31.Nxf6 Qxf6 32.Qxe6 Qxd4+ 33.Rf2 Rf8 34.Re4 Qxc5 35.Rxg4 Rd1+
36.Nf1 Rf6 37.Qe2 Rc1 38.g3 Kf7 39.Re4 Rc4 40.Nd2 Rc2 41.Nb3 Qxf2+ 42.Kxf2 Rxe2+
43.Kxe2 Ne7 44.f4 Rd6 45.g4 Rh6 46.Kd3 Rh1 47.f5 Rd1+ 48.Ke2 Rd5 49.Rd4 Re5+
50.Kf3 Nd5 51.Rd3 Re1 52.Nd4 Rf1+ 53.Kg2 Rxf5 54.gxf5  1/2-1/2